000 00855 a2200229 4500
005 20151013082217.0
008 151007b2015 ck od fr|||| 000 0 spa d
020 _a9789588487250
040 _aCO-BoUCM
_bspa
_cLuz Cupitra
_dLuz Cupitra
041 0 0 _aspa
100 1 _aOspina, Mireya
_972129
245 1 0 _aExperiencias y aprendizajes desde la investigación acción participativa
260 _c2015
_bUniversidad Católica de Pereira
_aBogotá (Colombia)
300 _a141 páginas
_bfotografías, tablas
490 0 _aColección Maestros
_v18
650 0 4 _917968
_aInvestigación
_xAcción educativa
_zColombia
650 0 4 _912602
_aDelitos sexuales
_zColombia
650 0 4 _919434
_aMetodología científica
_xInvestigación
_zColombia
690 _aEducación
942 _2DEWEY
_a10
_cLIBRO
_e1
_h362.760
_mO839
999 _c301542
_d301542